O âzyke i stile rasskazov Šukšina

Elmentve itt :
Bibliográfiai részletek
Szerző: Il'âš M. I.
Dokumentumtípus: Cikk
Megjelent: 1978
Sorozat:Dissertationes slavicae 13
Kulcsszavak:Šukšin Vasilij Makarovič, Irodalomtudomány
Online Access:http://acta.bibl.u-szeged.hu/774
LEADER 00615nab a2200181 i 4500
001 acta774
005 20210310120139.0
008 161015s1978 hu o 0|| rus d
022 |a 0586-3732 
040 |a SZTE Egyetemi Kiadványok Repozitórium  |b hun 
041 |a rus 
100 1 |a Il'âš M. I. 
245 1 0 |a O âzyke i stile rasskazov Šukšina  |h [elektronikus dokumentum] /  |c  Il'âš M. I. 
260 |c 1978 
300 |a 73-85 
490 0 |a Dissertationes slavicae  |v 13 
695 |a Šukšin Vasilij Makarovič, Irodalomtudomány 
856 4 0 |u http://acta.bibl.u-szeged.hu/774/1/dissert_slav_013_073-085.pdf  |z Dokumentum-elérés